Juvenile characterisation of wild Hevea gemplasm (Record no. 61790)

MARC details
000 -LEADER
fixed length control field 00405nam a2200133Ia 4500
100 ## - MAIN ENTRY--AUTHOR NAME
Personal name Abraham S T
245 #0 - TITLE STATEMENT
Title Juvenile characterisation of wild Hevea gemplasm
260 ## - PUBLICATION, DISTRIBUTION, ETC. (IMPRINT)
Name of publisher ISPGR dialogue Plant genetic resources: Developing national policy, 1993, New Delhi
Year of publication 1993
700 ## - ADDED ENTRY--PERSONAL NAME
Personal name George P J
700 ## - ADDED ENTRY--PERSONAL NAME
Personal name Potty S N
700 ## - ADDED ENTRY--PERSONAL NAME
Personal name Reghu C P
942 ## - ADDED ENTRY ELEMENTS (KOHA)
Koha item type Journals
Holdings
Withdrawn status Lost status Damaged status Not for loan Home library Current library Date acquired Koha item type
      Journals RRII Library RRII Library 17/12/2021 Journals